[Event "WYCC Girls U14"]
[Site "Porto Carras"]
[Date "2015.10.31"]
[Round "6.8"]
[White "Gomez Barrera, Javiera Belen"]
[Black "Afonasieva, Anna"]
[Result "1/2-1/2"]
[BlackElo "2093"]
[WhiteElo "1776"]
[LiveChessVersion "1.4.6"]

1. e4 {[%clk 1:30:51]} c5 {[%clk 1:30:35]} 2. Nf3 {[%clk 1:31:08]} a6
{[%clk 1:30:37]} 3. d4 {[%clk 1:30:48]} cxd4 {[%clk 1:30:24]} 4. Nxd4
{[%clk 1:31:05]} Nf6 {[%clk 1:30:21]} 5. Nc3 {[%clk 1:30:08]} e5 {[%clk 1:30:23]}
6. Nb3 {[%clk 1:29:41]} Bb4 {[%clk 1:30:22]} 7. Qd3 {[%clk 1:09:37]} O-O
{[%clk 1:22:55]} 8. Bg5 {[%clk 1:00:00]} h6 {[%clk 1:11:54]} 9. Bxf6
{[%clk 0:43:09]} Qxf6 {[%clk 1:12:04]} 10. a3 {[%clk 0:43:15]} Bxc3+
{[%clk 1:10:35]} 11. Qxc3 {[%clk 0:43:29]} Nc6 {[%clk 1:10:03]} 12. Rd1
{[%clk 0:42:14]} d6 {[%clk 1:02:08]} 13. Bc4 {[%clk 0:35:13]} Qg6
{[%clk 0:58:18]} 14. O-O {[%clk 0:35:05]} Bg4 {[%clk 0:56:31]} 15. f3
{[%clk 0:27:13]} Bh3 {[%clk 0:55:26]} 16. Rf2 {[%clk 0:27:17]} Rac8
{[%clk 0:53:53]} 17. Kh1 {[%clk 0:23:49]} b5 {[%clk 0:51:25]} 18. Bd5
{[%clk 0:22:55]} Ne7 {[%clk 0:48:42]} 19. Qb4 {[%clk 0:18:30]} Bd7
{[%clk 0:44:45]} 20. Bb7 {[%clk 0:17:23]} Rcd8 {[%clk 0:44:09]} 21. Rxd6
{[%clk 0:14:59]} Qxd6 {[%clk 0:43:15]} 22. Qxd6 {[%clk 0:13:14]} Bc6
{[%clk 0:43:28]} 23. Rd2 {[%clk 0:12:30]} Rxd6 {[%clk 0:43:13]} 24. Rxd6
{[%clk 0:12:57]} Bxb7 {[%clk 0:42:03]} 25. Rd7 {[%clk 0:13:26]} Rc8
{[%clk 0:37:33]} 26. c3 {[%clk 0:10:05]} Bxe4 {[%clk 0:36:08]} 27. fxe4
{[%clk 0:10:16]} Nc6 {[%clk 0:35:42]} 28. Kg1 {[%clk 0:08:56]} Kf8
{[%clk 0:31:34]} 29. Kf2 {[%clk 0:08:24]} Ke8 {[%clk 0:29:41]} 30. Rd5
{[%clk 0:08:44]} Rd8 {[%clk 0:27:57]} 31. Ke3 {[%clk 0:07:57]} Ke7
{[%clk 0:27:10]} 32. Nc5 {[%clk 0:07:01]} Rxd5 {[%clk 0:24:11]} 33. exd5
{[%clk 0:07:28]} Na5 {[%clk 0:24:18]} 34. Nxa6 {[%clk 0:05:48]} Kd6
{[%clk 0:23:38]} 35. Ke4 {[%clk 0:04:19]} Nc4 {[%clk 0:23:27]} 36. b3
{[%clk 0:01:09]} Nd2+ {[%clk 0:20:18]} 37. Kd3 {[%clk 0:01:37]} Nxb3
{[%clk 0:20:34]} 38. c4 {[%clk 0:01:13]} bxc4+ {[%clk 0:18:38]} 39. Kxc4
{[%clk 0:01:42]} Nd2+ {[%clk 0:18:44]} 40. Kd3 {[%clk 0:31:44]} Nb1
{[%clk 0:47:27]} 41. a4 {[%clk 0:30:37]} Kxd5 {[%clk 0:47:32]} 42. Nb4+
{[%clk 0:30:58]} Kc5 {[%clk 0:47:31]} 43. Nc2 {[%clk 0:31:27]} f5
{[%clk 0:34:01]} 44. Ne3 {[%clk 0:29:08]} e4+ {[%clk 0:34:09]} 45. Kc2
{[%clk 0:28:53]} Na3+ {[%clk 0:34:32]} 46. Kc3 {[%clk 0:28:20]} f4
{[%clk 0:31:55]} 47. Nf5 {[%clk 0:28:37]} e3 {[%clk 0:21:03]} 48. Nxg7
{[%clk 0:26:32]} Kd5 {[%clk 0:20:18]} 49. Kd3 {[%clk 0:25:33]} Nc4
{[%clk 0:18:54]} 50. a5 {[%clk 0:08:33]} Nxa5 {[%clk 0:17:40]} 51. Nh5
{[%clk 0:08:20]} Ke5 {[%clk 0:15:56]} 52. g3 {[%clk 0:08:31]} fxg3
{[%clk 0:14:50]} 53. hxg3 {[%clk 0:08:06]} Kf5 {[%clk 0:15:01]} 54. Kxe3
{[%clk 0:08:11]} Kg4 {[%clk 0:14:54]} 55. Ng7 {[%clk 0:08:24]} Nc4+
{[%clk 0:13:56]} 56. Kf2 {[%clk 0:08:14]} Nd6 {[%clk 0:13:59]} 57. Kg2
{[%clk 0:06:10]} Ne4 {[%clk 0:11:41]} 58. Ne8 {[%clk 0:06:17]} Kf5
{[%clk 0:11:31]} 59. Kf3 {[%clk 0:05:29]} Nd2+ {[%clk 0:10:36]} 60. Ke3
{[%clk 0:05:22]} Nc4+ {[%clk 0:10:43]} 61. Kd4 {[%clk 0:05:38]} Nb6
{[%clk 0:09:59]} 62. Nd6+ {[%clk 0:05:07]} Kg4 {[%clk 0:09:54]} 63. Ne4
{[%clk 0:04:45]} Nc8 {[%clk 0:08:49]} 64. Ke5 {[%clk 0:03:14]} Ne7
{[%clk 0:06:41]} 65. Kf6 {[%clk 0:02:59]} Nf5 {[%clk 0:05:52]} 66. Ke5 1/2-1/2

[Event "WYCC Girls U14"]
[Site "Porto Carras"]
[Date "2015.10.31"]
[Round "6.9"]
[White "Redondo Benavente, Ana"]
[Black "Sibajeva, Marija"]
[Result "1-0"]
[BlackElo "1930"]
[WhiteElo "2064"]
[LiveChessVersion "1.4.6"]

1. e4 {[%clk 1:30:58]} e5 {[%clk 1:30:46]} 2. Nf3 {[%clk 1:31:20]} Nc6
{[%clk 1:31:08]} 3. Nc3 {[%clk 1:31:30]} d6 {[%clk 1:28:18]} 4. d4
{[%clk 1:25:43]} Bg4 {[%clk 1:22:35]} 5. d5 {[%clk 1:23:01]} Nd4 {[%clk 1:21:06]}
6. Be3 {[%clk 1:22:14]} Nxf3+ {[%clk 1:18:49]} 7. gxf3 {[%clk 1:22:35]} Bd7
{[%clk 1:18:44]} 8. Qd2 {[%clk 1:22:02]} f5 {[%clk 1:16:26]} 9. f4
{[%clk 1:18:56]} exf4 {[%clk 1:16:14]} 10. Bxf4 {[%clk 1:18:58]} fxe4
{[%clk 1:16:16]} 11. O-O-O {[%clk 1:17:27]} Nf6 {[%clk 1:13:52]} 12. Re1
{[%clk 1:16:54]} Be7 {[%clk 1:13:38]} 13. Nxe4 {[%clk 1:14:37]} Nxe4
{[%clk 1:14:00]} 14. Rxe4 {[%clk 1:15:01]} O-O {[%clk 1:14:16]} 15. Rg1
{[%clk 1:11:04]} Bf6 {[%clk 1:12:15]} 16. f3 {[%clk 0:54:55]} Bf5
{[%clk 1:03:45]} 17. Re2 {[%clk 0:51:24]} a5 {[%clk 0:51:05]} 18. Reg2
{[%clk 0:50:17]} Bh3 {[%clk 0:36:24]} 19. Rxg7+ {[%clk 0:46:11]} Bxg7
{[%clk 0:36:46]} 20. Bh6 {[%clk 0:45:57]} Rf7 {[%clk 0:37:01]} 21. Bxh3
{[%clk 0:35:05]} Qf6 {[%clk 0:36:41]} 22. c3 {[%clk 0:33:13]} Kh8
{[%clk 0:36:44]} 23. Be3 {[%clk 0:26:02]} Qxf3 {[%clk 0:31:45]} 24. Be6
{[%clk 0:24:16]} Rf6 {[%clk 0:31:06]} 25. Bd4 {[%clk 0:22:05]} Rg6
{[%clk 0:30:55]} 26. Rxg6 {[%clk 0:21:23]} 1-0

[Event "WYCC Girls U14"]
[Site "Porto Carras"]
[Date "2015.10.31"]
[Round "6.10"]
[White "Henderson De La Fuente, Andrea"]
[Black "Du, Yuxin"]
[Result "0-1"]
[BlackElo "2053"]
[WhiteElo "1867"]
[LiveChessVersion "1.4.6"]

1. e4 {[%clk 1:30:57]} c6 {[%clk 1:30:50]} 2. d4 {[%clk 1:31:22]} d5
{[%clk 1:31:15]} 3. Nc3 {[%clk 1:31:48]} dxe4 {[%clk 1:31:39]} 4. Nxe4
{[%clk 1:32:16]} Bf5 {[%clk 1:32:00]} 5. Ng3 {[%clk 1:32:42]} Bg6
{[%clk 1:32:25]} 6. Nf3 {[%clk 1:33:01]} Nd7 {[%clk 1:32:40]} 7. Bc4
{[%clk 1:33:17]} e6 {[%clk 1:30:35]} 8. Qe2 {[%clk 1:33:27]} Ngf6
{[%clk 1:28:03]} 9. h4 {[%clk 1:33:46]} h6 {[%clk 1:27:58]} 10. h5
{[%clk 1:33:37]} Bh7 {[%clk 1:27:56]} 11. Bf4 {[%clk 1:33:20]} Bb4+
{[%clk 1:06:12]} 12. c3 {[%clk 1:32:34]} Be7 {[%clk 1:05:41]} 13. a4
{[%clk 1:27:10]} O-O {[%clk 1:01:33]} 14. O-O {[%clk 1:26:05]} Nd5
{[%clk 0:55:25]} 15. Bd2 {[%clk 1:19:02]} Qc7 {[%clk 0:51:04]} 16. Rfe1
{[%clk 1:13:34]} Rfd8 {[%clk 0:44:25]} 17. a5 {[%clk 1:03:43]} b6
{[%clk 0:30:38]} 18. b4 {[%clk 0:56:54]} Bd6 {[%clk 0:22:59]} 19. Ne5
{[%clk 0:52:18]} Nxe5 {[%clk 0:22:38]} 20. dxe5 {[%clk 0:52:40]} Bf8
{[%clk 0:21:32]} 21. f4 {[%clk 0:47:12]} Ne7 {[%clk 0:16:21]} 22. Ra2
{[%clk 0:41:39]} b5 {[%clk 0:14:56]} 23. Bb3 {[%clk 0:41:14]} Bd3
{[%clk 0:11:06]} 24. Qg4 {[%clk 0:37:14]} c5 {[%clk 0:09:03]} 25. Ne4
{[%clk 0:30:10]} Nf5 {[%clk 0:06:44]} 26. Nf2 {[%clk 0:27:37]} cxb4
{[%clk 0:05:44]} 27. cxb4 {[%clk 0:24:32]} Nd4 {[%clk 0:04:09]} 28. Bd1
{[%clk 0:22:58]} Bf5 {[%clk 0:02:28]} 29. Qg3 {[%clk 0:22:13]} Qc4
{[%clk 0:02:08]} 30. Rb2 {[%clk 0:21:02]} Rac8 {[%clk 0:01:58]} 31. Kh1
{[%clk 0:15:47]} a6 {[%clk 0:01:37]} 32. Kg1 {[%clk 0:15:19]} Kh8
{[%clk 0:01:49]} 33. Kh1 {[%clk 0:14:58]} Bc2 {[%clk 0:01:36]} 34. Bxc2
{[%clk 0:11:01]} Nxc2 {[%clk 0:01:57]} 35. Re4 {[%clk 0:10:34]} Qf1+
{[%clk 0:01:58]} 36. Kh2 {[%clk 0:10:53]} Rxd2 {[%clk 0:02:07]} 37. Ng4
{[%clk 0:10:44]} Rd1 {[%clk 0:01:08]} 38. Nf2 {[%clk 0:10:01]} Re1
{[%clk 0:01:17]} 39. Rxe1 {[%clk 0:08:28]} Qxe1 {[%clk 0:01:33]} 40. Qf3
{[%clk 0:38:06]} Qe3 {[%clk 0:31:33]} 41. Qb7 {[%clk 0:36:42]} Qxf4+
{[%clk 0:31:55]} 42. Kg1 {[%clk 0:36:43]} Qc1+ {[%clk 0:32:11]} 43. Kh2
{[%clk 0:36:40]} Qxb2 {[%clk 0:32:33]} 44. Qxc8 {[%clk 0:37:00]} Kg8
{[%clk 0:31:50]} 45. Nd3 {[%clk 0:36:53]} Qb3 {[%clk 0:31:22]} 46. Nc5
{[%clk 0:36:27]} Qxb4 {[%clk 0:27:12]} 47. Nd7 {[%clk 0:35:59]} Ne3
{[%clk 0:27:13]} 48. Nxf8 {[%clk 0:34:30]} Qf4+ {[%clk 0:27:09]} 0-1

[Event "WYCC Girls U14"]
[Site "Porto Carras"]
[Date "2015.10.31"]
[Round "6.11"]
[White "Coman, Emilia-Florentina"]
[Black "Maltsevskaya, Aleksandra"]
[Result "1-0"]
[BlackElo "2051"]
[WhiteElo "1843"]
[LiveChessVersion "1.4.6"]

1. d4 {[%clk 1:30:59]} g6 {[%clk 1:30:51]} 2. e4 {[%clk 1:31:07]} Bg7
{[%clk 1:31:09]} 3. Nf3 {[%clk 1:31:31]} d6 {[%clk 1:31:30]} 4. Nbd2
{[%clk 1:31:52]} Nc6 {[%clk 1:30:27]} 5. c3 {[%clk 1:32:10]} e5 {[%clk 1:30:17]}
6. Nb3 {[%clk 1:26:48]} Bg4 {[%clk 1:06:54]} 7. Bb5 {[%clk 1:16:56]} Nge7
{[%clk 1:02:14]} 8. d5 {[%clk 1:07:28]} a6 {[%clk 1:02:34]} 9. Bd3
{[%clk 1:03:49]} Nb8 {[%clk 1:01:53]} 10. h3 {[%clk 1:03:58]} Bc8
{[%clk 1:01:17]} 11. c4 {[%clk 0:59:12]} O-O {[%clk 1:00:46]} 12. c5
{[%clk 0:48:31]} dxc5 {[%clk 0:54:55]} 13. Nxc5 {[%clk 0:48:37]} c6
{[%clk 0:55:16]} 14. O-O {[%clk 0:42:44]} cxd5 {[%clk 0:51:40]} 15. exd5
{[%clk 0:40:33]} b6 {[%clk 0:47:59]} 16. Na4 {[%clk 0:38:20]} b5 {[%clk 0:45:29]}
17. Nc3 {[%clk 0:38:27]} Bb7 {[%clk 0:44:22]} 18. Re1 {[%clk 0:32:19]} Qd6
{[%clk 0:35:25]} 19. Be4 {[%clk 0:29:33]} Nd7 {[%clk 0:35:05]} 20. Bg5
{[%clk 0:28:16]} f6 {[%clk 0:33:42]} 21. Be3 {[%clk 0:25:26]} Kh8
{[%clk 0:27:08]} 22. a3 {[%clk 0:22:59]} Rad8 {[%clk 0:25:17]} 23. Rc1
{[%clk 0:17:48]} f5 {[%clk 0:17:24]} 24. Bb1 {[%clk 0:17:51]} Nf6
{[%clk 0:14:44]} 25. Nxb5 {[%clk 0:13:00]} Qxd5 {[%clk 0:12:52]} 26. Nc7
{[%clk 0:07:42]} Qg8 {[%clk 0:05:57]} 27. Qe2 {[%clk 0:06:14]} Nc6
{[%clk 0:04:15]} 28. Nxa6 {[%clk 0:04:17]} e4 {[%clk 0:04:02]} 29. Nh2
{[%clk 0:01:35]} Nd7 {[%clk 0:03:15]} 30. Nc5 {[%clk 0:00:45]} Nxc5
{[%clk 0:03:26]} 31. Bxc5 {[%clk 0:01:14]} Rfe8 {[%clk 0:03:45]} 32. b4
{[%clk 0:00:58]} Nd4 {[%clk 0:03:17]} 33. Qe3 {[%clk 0:00:34]} Ba6
{[%clk 0:01:30]} 34. Kh1 {[%clk 0:00:39]} Qe6 {[%clk 0:00:43]} 35. Red1
{[%clk 0:00:33]} Ne2 {[%clk 0:01:06]} 36. Rxd8 {[%clk 0:00:35]} Rxd8
{[%clk 0:01:31]} 37. Re1 {[%clk 0:00:54]} Nc3 {[%clk 0:01:39]} 38. Bc2
{[%clk 0:00:41]} Qa2 {[%clk 0:00:50]} 39. Qc1 {[%clk 0:00:33]} Qc4
{[%clk 0:00:40]} 40. Nf1 {[%clk 0:30:33]} 1-0

[Event "WYCC Girls U14"]
[Site "Porto Carras"]
[Date "2015.10.31"]
[Round "6.12"]
[White "Zhao, Shengxin"]
[Black "Yan, Tianqi"]
[Result "0-1"]
[BlackElo "1799"]
[WhiteElo "2007"]
[LiveChessVersion "1.4.6"]

1. d4 {[%clk 1:30:45]} d5 {[%clk 1:30:00]} 2. c4 {[%clk 1:31:02]} c6
{[%clk 1:30:18]} 3. Nf3 {[%clk 1:30:53]} Nf6 {[%clk 1:30:36]} 4. Qc2
{[%clk 1:31:03]} e6 {[%clk 1:30:36]} 5. g3 {[%clk 1:31:08]} Nbd7 {[%clk 1:30:03]}
6. Bg2 {[%clk 1:30:34]} b6 {[%clk 1:29:06]} 7. O-O {[%clk 1:28:10]} Ba6
{[%clk 1:28:58]} 8. Nfd2 {[%clk 1:21:50]} Rc8 {[%clk 1:28:10]} 9. Rd1
{[%clk 1:11:56]} Be7 {[%clk 1:07:06]} 10. e4 {[%clk 1:09:03]} e5 {[%clk 0:58:54]}
11. exd5 {[%clk 0:49:46]} cxd5 {[%clk 0:59:08]} 12. dxe5 {[%clk 0:49:49]} Ng4
{[%clk 0:57:01]} 13. Bxd5 {[%clk 0:48:05]} O-O {[%clk 0:55:40]} 14. e6
{[%clk 0:33:53]} Nde5 {[%clk 0:55:14]} 15. exf7+ {[%clk 0:32:05]} Kh8
{[%clk 0:55:42]} 16. Nc3 {[%clk 0:14:56]} Nxf7 {[%clk 0:42:23]} 17. Nde4
{[%clk 0:10:08]} Nfe5 {[%clk 0:42:17]} 18. f4 {[%clk 0:04:21]} Nf3+
{[%clk 0:41:24]} 19. Kg2 {[%clk 0:04:43]} Ngxh2 {[%clk 0:40:33]} 20. Nf2
{[%clk 0:02:02]} Qe8 {[%clk 0:40:05]} 21. Bxf3 {[%clk 0:01:36]} Nxf3
{[%clk 0:40:29]} 22. Kxf3 {[%clk 0:01:35]} Rxc4 {[%clk 0:40:50]} 23. b3
{[%clk 0:00:35]} Bb7+ {[%clk 0:40:53]} 24. Nfe4 {[%clk 0:00:42]} Bxe4+
{[%clk 0:41:16]} 0-1

[Event "WYCC Girls U14"]
[Site "Porto Carras"]
[Date "2015.11.01"]
[Round "7.1"]
[White "Antova, Gabriela"]
[Black "Vaishali, R"]
[Result "1/2-1/2"]
[BlackElo "2314"]
[WhiteElo "2165"]
[LiveChessVersion "1.4.6"]

1. d4 {[%clk 1:30:57]} Nf6 {[%clk 1:30:15]} 2. c4 {[%clk 1:31:19]} c5
{[%clk 1:30:40]} 3. d5 {[%clk 1:31:43]} b5 {[%clk 1:31:05]} 4. cxb5
{[%clk 1:32:07]} a6 {[%clk 1:31:30]} 5. bxa6 {[%clk 1:32:32]} g6 {[%clk 1:31:54]}
6. Nc3 {[%clk 1:32:56]} Bxa6 {[%clk 1:32:12]} 7. e4 {[%clk 1:33:16]} Bxf1
{[%clk 1:32:36]} 8. Kxf1 {[%clk 1:33:42]} d6 {[%clk 1:33:02]} 9. g3
{[%clk 1:34:04]} Bg7 {[%clk 1:33:27]} 10. Kg2 {[%clk 1:34:26]} O-O
{[%clk 1:33:51]} 11. Nf3 {[%clk 1:34:49]} Nbd7 {[%clk 1:34:16]} 12. a4
{[%clk 1:35:10]} Ng4 {[%clk 1:34:14]} 13. Qc2 {[%clk 1:29:38]} Qb6
{[%clk 1:24:22]} 14. h3 {[%clk 1:26:42]} Nge5 {[%clk 1:23:22]} 15. Nxe5
{[%clk 1:26:53]} Nxe5 {[%clk 1:23:01]} 16. Nb5 {[%clk 1:23:01]} f5
{[%clk 1:04:01]} 17. f4 {[%clk 1:02:34]} Nd7 {[%clk 1:03:20]} 18. Kh2
{[%clk 1:00:08]} Qb7 {[%clk 0:55:50]} 19. Rd1 {[%clk 0:59:57]} Nb6
{[%clk 0:43:35]} 20. Nc3 {[%clk 0:55:47]} Bxc3 {[%clk 0:30:18]} 21. bxc3
{[%clk 0:54:42]} Nc4 {[%clk 0:30:17]} 22. exf5 {[%clk 0:37:55]} Rxf5
{[%clk 0:26:17]} 23. Qd3 {[%clk 0:37:37]} Qb3 {[%clk 0:23:38]} 24. Re1
{[%clk 0:35:15]} Rf7 {[%clk 0:14:30]} 25. Re4 {[%clk 0:25:35]} Nb6
{[%clk 0:11:35]} 26. a5 {[%clk 0:25:02]} Qxd5 {[%clk 0:09:21]} 27. Qxd5
{[%clk 0:25:23]} Nxd5 {[%clk 0:09:47]} 28. Bd2 {[%clk 0:25:24]} e5
{[%clk 0:07:45]} 29. c4 {[%clk 0:25:10]} Nb4 {[%clk 0:04:11]} 30. Bxb4
{[%clk 0:19:57]} cxb4 {[%clk 0:04:38]} 31. fxe5 {[%clk 0:20:17]} dxe5
{[%clk 0:04:31]} 32. Rxe5 {[%clk 0:16:06]} Rf2+ {[%clk 0:03:43]} 33. Kg1
{[%clk 0:16:34]} Rc2 {[%clk 0:04:07]} 34. Rb5 {[%clk 0:16:34]} Re8
{[%clk 0:02:25]} 35. a6 {[%clk 0:08:11]} Ree2 {[%clk 0:02:20]} 36. a7
{[%clk 0:08:31]} 1/2-1/2

[Event "WYCC Girls U14"]
[Site "Porto Carras"]
[Date "2015.11.01"]
[Round "7.2"]
[White "Goltseva, Ekaterina"]
[Black "Badelka, Olga"]
[Result "1-0"]
[BlackElo "2145"]
[WhiteElo "2114"]
[LiveChessVersion "1.4.6"]

1. d4 {[%clk 1:30:57]} Nf6 {[%clk 1:30:54]} 2. Nf3 {[%clk 1:31:15]} d5
{[%clk 1:30:52]} 3. c4 {[%clk 1:31:38]} dxc4 {[%clk 1:30:36]} 4. e3
{[%clk 1:32:01]} b5 {[%clk 1:30:40]} 5. a4 {[%clk 1:31:51]} b4 {[%clk 1:30:59]}
6. Bxc4 {[%clk 1:31:54]} e6 {[%clk 1:31:25]} 7. O-O {[%clk 1:31:47]} Bb7
{[%clk 1:31:34]} 8. b3 {[%clk 1:30:33]} Nbd7 {[%clk 1:31:41]} 9. Bb2
{[%clk 1:30:15]} c5 {[%clk 1:30:51]} 10. Nbd2 {[%clk 1:29:53]} Be7
{[%clk 1:30:18]} 11. Qe2 {[%clk 1:29:51]} O-O {[%clk 1:29:59]} 12. Rfd1
{[%clk 1:29:52]} cxd4 {[%clk 1:24:30]} 13. Nxd4 {[%clk 1:26:40]} Nb6
{[%clk 1:19:48]} 14. Bb5 {[%clk 1:23:51]} Qd5 {[%clk 1:14:37]} 15. N2f3
{[%clk 1:23:48]} Qh5 {[%clk 1:12:45]} 16. Bc6 {[%clk 1:17:05]} Bxc6
{[%clk 1:03:58]} 17. Nxc6 {[%clk 1:17:29]} Rfe8 {[%clk 1:02:10]} 18. Nxe7+
{[%clk 1:15:41]} Rxe7 {[%clk 1:02:35]} 19. Rac1 {[%clk 0:56:00]} h6
{[%clk 0:54:14]} 20. Bxf6 {[%clk 0:51:52]} gxf6 {[%clk 0:54:39]} 21. Rd4
{[%clk 0:51:14]} Kh7 {[%clk 0:33:03]} 22. Rxb4 {[%clk 0:50:14]} Rg8
{[%clk 0:32:53]} 23. Rh4 {[%clk 0:48:33]} Qg6 {[%clk 0:33:06]} 24. g3
{[%clk 0:48:50]} e5 {[%clk 0:31:44]} 25. Rc6 {[%clk 0:46:24]} Qb1+
{[%clk 0:25:54]} 26. Kg2 {[%clk 0:45:51]} Rg6 {[%clk 0:25:28]} 27. Nd2
{[%clk 0:43:39]} Qb2 {[%clk 0:23:17]} 28. Qd3 {[%clk 0:29:02]} Rd7
{[%clk 0:22:39]} 29. Rd6 {[%clk 0:28:26]} Rxd6 {[%clk 0:23:02]} 30. Qxd6
{[%clk 0:28:54]} f5 {[%clk 0:22:23]} 31. Qd8 {[%clk 0:28:55]} a5 {[%clk 0:10:29]}
32. Nc4 {[%clk 0:27:12]} Nxc4 {[%clk 0:10:54]} 33. Rxc4 {[%clk 0:24:39]} Qxb3
{[%clk 0:10:57]} 34. Rc8 {[%clk 0:24:38]} Qb7+ {[%clk 0:10:36]} 35. Kh3
{[%clk 0:24:38]} Rg7 {[%clk 0:10:35]} 36. Qh8+ {[%clk 0:20:52]} Kg6
{[%clk 0:11:00]} 37. Rg8 {[%clk 0:20:32]} Rxg8 {[%clk 0:10:45]} 38. Qxg8+
{[%clk 0:20:57]} Kf6 {[%clk 0:10:53]} 39. Qh8+ {[%clk 0:20:42]} Ke6
{[%clk 0:09:14]} 40. Qxh6+ {[%clk 0:51:00]} f6 {[%clk 0:39:38]} 41. Qh5
{[%clk 0:48:41]} Qc6 {[%clk 0:38:27]} 42. Qd1 {[%clk 0:48:39]} Qe4
{[%clk 0:35:53]} 43. Qb3+ {[%clk 0:48:16]} Ke7 {[%clk 0:35:52]} 44. Qb5
{[%clk 0:47:50]} Qb4 {[%clk 0:34:57]} 45. Qc6 {[%clk 0:48:04]} Qg4+
{[%clk 0:31:54]} 46. Kg2 {[%clk 0:48:21]} e4 {[%clk 0:31:41]} 47. Qc7+
{[%clk 0:45:42]} Ke6 {[%clk 0:31:59]} 48. Qxa5 {[%clk 0:43:34]} Qf3+
{[%clk 0:32:23]} 49. Kf1 {[%clk 0:43:48]} Qd1+ {[%clk 0:32:16]} 50. Qe1
{[%clk 0:44:11]} Qxa4 {[%clk 0:32:36]} 51. h4 {[%clk 0:44:29]} Kf7
{[%clk 0:31:26]} 52. Kg2 {[%clk 0:44:37]} Kg6 {[%clk 0:31:24]} 53. Qd2
{[%clk 0:44:37]} Qb5 {[%clk 0:27:28]} 54. Qd1 {[%clk 0:44:15]} Qc4
{[%clk 0:27:04]} 55. g4 {[%clk 0:42:44]} Qe6 {[%clk 0:25:29]} 56. Kh3
{[%clk 0:42:53]} Kh6 {[%clk 0:25:22]} 57. Qg1 {[%clk 0:42:29]} Kh7
{[%clk 0:23:42]} 58. Qg3 {[%clk 0:42:36]} fxg4+ {[%clk 0:21:10]} 59. Qxg4
{[%clk 0:42:55]} f5 {[%clk 0:18:26]} 60. Qh5+ {[%clk 0:42:02]} Kg7
{[%clk 0:18:50]} 61. Qg5+ {[%clk 0:42:25]} Kh7 {[%clk 0:18:45]} 62. Kg3
{[%clk 0:41:44]} Qd6+ {[%clk 0:18:10]} 63. Kg2 {[%clk 0:41:55]} Qe6
{[%clk 0:16:56]} 64. h5 {[%clk 0:41:03]} Qf7 {[%clk 0:16:54]} 65. Kg3
{[%clk 0:39:40]} Qc7+ {[%clk 0:16:55]} 66. Qf4 {[%clk 0:39:39]} Qg7+
{[%clk 0:15:38]} 67. Kh4 {[%clk 0:38:40]} Qf6+ {[%clk 0:15:08]} 68. Qg5
{[%clk 0:39:05]} Qe6 {[%clk 0:13:53]} 69. Qd8 {[%clk 0:37:13]} Qe5
{[%clk 0:03:40]} 70. Qf8 {[%clk 0:35:46]} Qd5 {[%clk 0:01:03]} 71. h6
{[%clk 0:34:35]} Qe5 {[%clk 0:00:42]} 72. Qg7+ {[%clk 0:34:54]} 1-0

[Event "WYCC Girls U14"]
[Site "Porto Carras"]
[Date "2015.11.01"]
[Round "7.3"]
[White "Obolentseva, Alexandra"]
[Black "Shuvalova, Polina"]
[Result "1/2-1/2"]
[BlackElo "2171"]
[WhiteElo "2084"]
[LiveChessVersion "1.4.6"]

1. d4 {[%clk 1:30:57]} Nf6 {[%clk 1:30:55]} 2. c4 {[%clk 1:31:23]} g6
{[%clk 1:31:23]} 3. Nc3 {[%clk 1:31:48]} d5 {[%clk 1:31:49]} 4. cxd5
{[%clk 1:32:05]} Nxd5 {[%clk 1:32:18]} 5. Bd2 {[%clk 1:31:57]} Bg7
{[%clk 1:32:46]} 6. e4 {[%clk 1:32:15]} Nxc3 {[%clk 1:33:13]} 7. Bxc3
{[%clk 1:32:38]} O-O {[%clk 1:33:33]} 8. Rc1 {[%clk 1:30:57]} c5 {[%clk 1:33:57]}
9. d5 {[%clk 1:31:19]} e6 {[%clk 1:27:52]} 10. Bxg7 {[%clk 1:30:20]} Kxg7
{[%clk 1:28:16]} 11. Rxc5 {[%clk 1:26:22]} exd5 {[%clk 1:25:24]} 12. Qxd5
{[%clk 1:23:20]} Nc6 {[%clk 1:20:40]} 13. Qxd8 {[%clk 1:21:36]} Rxd8
{[%clk 1:20:51]} 14. Nf3 {[%clk 1:17:47]} Be6 {[%clk 1:11:10]} 15. Bc4
{[%clk 1:09:45]} Nd4 {[%clk 1:04:15]} 16. O-O {[%clk 1:03:29]} b6
{[%clk 0:59:40]} 17. Rc7 {[%clk 1:03:37]} Bxc4 {[%clk 0:59:10]} 18. Rxc4
{[%clk 1:02:19]} Nxf3+ {[%clk 0:57:51]} 19. gxf3 {[%clk 1:02:43]} Rd2
{[%clk 0:45:35]} 20. a4 {[%clk 1:02:05]} Rad8 {[%clk 0:45:03]} 21. b4
{[%clk 1:00:18]} R8d7 {[%clk 0:40:10]} 22. b5 {[%clk 0:54:19]} g5
{[%clk 0:34:30]} 23. Rfc1 {[%clk 0:51:51]} Ra2 {[%clk 0:34:16]} 24. e5
{[%clk 0:50:58]} Rdd2 {[%clk 0:25:01]} 25. Rf1 {[%clk 0:51:05]} Re2
{[%clk 0:23:25]} 26. f4 {[%clk 0:51:21]} gxf4 {[%clk 0:22:10]} 27. Rxf4
{[%clk 0:51:46]} Rxe5 {[%clk 0:22:12]} 28. Rd1 {[%clk 0:51:32]} Rae2
{[%clk 0:20:14]} 29. Rd7 {[%clk 0:48:37]} Re7 {[%clk 0:20:32]} 30. Rdd4
{[%clk 0:47:52]} R2e6 {[%clk 0:16:06]} 1/2-1/2